[Event "Let's Play Chess!"]
[Site "http://www.queenalice.com/game.php?id=729728"]
[Date "2010.2.11"]
[Round "-"]
[White "Mata_Rei"]
[Black "rubensar"]
[Result "0-1"]
[WhiteElo "1561"]
[BlackElo "2096"]

1. e4 e5 2. d4 exd4 3. Qxd4 Nc6 4. Qe3 Nf6 5. h3 b6 6. Bd2 Bc5 7. Qg3 Nxe4 8.
Qxg7 Bxf2+ 9. Kd1 Bd4 10. Qg4 Nf2+ 0-1

[Event "Let's Play Chess!"]
[Site "http://www.queenalice.com/game.php?id=736239"]
[Date "2010.2.22"]
[Round "-"]
[White "rubensar"]
[Black "pcescritor"]
[Result "0-1"]
[WhiteElo "2103"]
[BlackElo "1833"]

1. e4 e6 2. Qe2 Nc6 3. Nf3 Nf6 4. Nc3 Bc5 5. e5 Nd5 6. Qc4 d6 7. Be2 Bd7 8. O-O
Ndb4 9. Ne4 Na5 10. Qc3 b6 11. a3 Nd5 12. Qd3 Nf4 13. Nxd6+ cxd6 14. Qe4 g5 15.
d4 Bc6 16. Qe3 Nxe2+ 17. Qxe2 g4 18. Nd2 Bxd4 19. Nc4 dxe5 20. Nxa5 bxa5 21. Rd1
Rg8 22. c3 Qd5 23. Kf1 Qxg2+ 24. Ke1 Bf3 25. Qb5+ Bc6 26. Qf1 Bb6 27. Qxg2 Bxg2
28. Be3 Bxe3 29. fxe3 h5 30. Rd6 h4 31. Rd2 Be4 32. Rad1 g3 33. Kf1 h3 34. Kg1
f5 35. b3 f4 36. exf4 exf4 37. Re1 Bf5 38. Rd5 f3 39. Rxf5 f2+ 40. Rxf2 gxf2+
41. Kxf2 Ke7 0-1

[Event "Let's Play Chess!"]
[Site "http://www.queenalice.com/game.php?id=740045"]
[Date "2010.3.2"]
[Round "-"]
[White "rubensar"]
[Black "Aylton"]
[Result "1-0"]
[WhiteElo "2095"]
[BlackElo "1914"]

1. e4 c5 2. Nf3 Nc6 3. Nc3 e6 4. Be2 d6 5. d4 cxd4 6. Nxd4 Nge7 7. Be3 Nxd4 8.
Qxd4 Nc6 9. Qd2 a6 10. O-O Be7 11. Na4 b5 12. Nb6 Rb8 13. Nxc8 Qxc8 14. Rac1 O-O
15. f4 Rd8 16. c4 b4 17. Rcd1 a5 18. b3 Qb7 19. Qe1 f6 20. Qd2 e5 21. Qd5+ Kh8
22. Bg4 Bf8 23. Rf3 h6 24. Be6 Qc7 25. Rg3 Ne7 26. Qd2 g5 27. fxg5 hxg5 28. Bxg5
Kg7 29. Bh6+ Kh7 30. Bxf8 Rxf8 31. Rh3+ 1-0

[Event "Let's Play Chess!"]
[Site "http://www.queenalice.com/game.php?id=740046"]
[Date "2010.3.2"]
[Round "-"]
[White "rubensar"]
[Black "Lesser"]
[Result "1-0"]
[WhiteElo "2086"]
[BlackElo "1905"]

1. e4 e5 2. Nf3 Nc6 3. Bb5 d6 4. d4 Bd7 5. dxe5 dxe5 6. O-O Bd6 7. Nc3 h6 8. Be3
Nf6 9. h3 O-O 10. a3 a6 11. Bc4 Na5 12. Ba2 Bc6 13. Nd2 Qc8 14. b4 Bd7 15. bxa5
Nh7 16. Nc4 Kh8 17. Nd5 Bxh3 18. Ndb6 cxb6 19. Nxd6 Bg4 20. f3 Bxf3 21. Rxf3 Qg4
22. Nxf7+ Rxf7 23. Rxf7 Qxe4 24. Qd3 Qg4 25. Qf5 Qe2 26. Bxh6 Rg8 27. Rxg7 Rxg7
28. Qc8+ 1-0

[Event "Let's Play Chess!"]
[Site "http://www.queenalice.com/game.php?id=740047"]
[Date "2010.3.2"]
[Round "-"]
[White "Aylton"]
[Black "rubensar"]
[Result "0-1"]
[WhiteElo "1856"]
[BlackElo "2077"]

1. d4 Nf6 2. Nf3 d5 3. e3 g6 4. c4 Bg7 5. Nc3 c6 6. a3 O-O 7. h3 Be6 8. cxd5
cxd5 9. Be2 Nc6 10. O-O Ne4 11. Nxe4 dxe4 12. Nd2 Bf5 13. g4 Be6 14. Nxe4 Na5
15. b4 Bb3 16. Qe1 Bd5 17. Nc3 Nc4 18. Nxd5 Qxd5 19. Bxc4 Qxc4 20. Bb2 Qc2 21.
Qc3 Rac8 22. Qxc2 Rxc2 23. Rab1 Bf6 24. Kg2 Bh4 25. Kf3 e6 26. Kg2 f5 27. g5 Rd8
28. Kg1 Bxg5 29. Kg2 Bxe3 30. Kf3 Bxd4 31. Bxd4 Rxd4 32. Ke3 Rh4 33. Rb3 Rxh3+
34. f3 g5 35. Kd3 Ra2 36. Kc4 g4 37. fxg4 Rc2+ 0-1

[Event "Let's Play Chess!"]
[Site "http://www.queenalice.com/game.php?id=740048"]
[Date "2010.3.2"]
[Round "-"]
[White "Maffu"]
[Black "rubensar"]
[Result "0-1"]
[WhiteElo "1765"]
[BlackElo "2083"]

1. e4 e5 2. Nc3 Nf6 3. f4 d5 4. fxe5 Nxe4 5. Qf3 Nxc3 6. bxc3 Be7 7. d4 c5 8.
Bb5+ Nc6 9. Ne2 O-O 10. O-O cxd4 11. cxd4 a6 12. Bd3 Nb4 13. Nf4 Qb6 14. Nh3
Qxd4+ 15. Be3 Qh4 16. a3 Nxd3 17. cxd3 Bxh3 18. gxh3 Rac8 19. d4 Rc3 20. Bf2
Rxf3 21. Bxh4 Rxf1+ 0-1

[Event "Let's Play Chess!"]
[Site "http://www.queenalice.com/game.php?id=767835"]
[Date "2010.4.29"]
[Round "-"]
[White "rubensar"]
[Black "ernesto_che"]
[Result "1/2-1/2"]
[WhiteElo "2063"]
[BlackElo "2109"]

1. e4 c5 2. Nf3 Nc6 3. Nc3 g6 4. Bc4 Bg7 5. O-O Nf6 6. e5 Ng4 7. Bxf7+ Kxf7 8.
Ng5+ Kg8 9. Qxg4 Nxe5 10. Qg3 d6 11. d3 Bf5 12. Re1 h5 13. h4 Qd7 14. Nd5 Re8
15. Bd2 Ng4 16. Bc3 e6 17. Bxg7 Kxg7 18. Nc3 a6 19. a4 Rhf8 20. a5 Nf6 21. Ra3
Rb8 22. Rb3 Rbc8 1/2-1/2

[Event "Let's Play Chess!"]
[Site "http://www.queenalice.com/game.php?id=767836"]
[Date "2010.5.1"]
[Round "-"]
[White "MisterTibs"]
[Black "rubensar"]
[Result "1-0"]
[WhiteElo "2225"]
[BlackElo "2073"]

1. d4 Nf6 2. e3 g6 3. Nf3 Bg7 4. c4 O-O 5. Nc3 Nc6 6. e4 d6 7. Be2 Bg4 8. d5
Bxf3 9. Bxf3 Ne5 10. Be2 c6 11. Qb3 Qa5 12. O-O Rfe8 13. Be3 1-0

[Event "Challenge"]
[Site "http://www.queenalice.com/game.php?id=768260"]
[Date "2010.4.29"]
[Round "-"]
[White "rubensar"]
[Black "tariann"]
[Result "1-0"]
[WhiteElo "2074"]
[BlackElo "2003"]

1. e4 e6 2. d4 d5 3. exd5 exd5 4. Nf3 c5 5. Bb5+ Bd7 6. Qe2+ Be7 7. O-O c4 8.
Bxd7+ Qxd7 9. b3 cxb3 10. Ne5 Qa4 11. Nc3 Qa5 12. Nb5 Qb6 13. axb3 a6 14. c4 Nc6
15. c5 Qd8 16. Nd6+ Kf8 17. Ndxf7 Qc7 18. Nxh8 Nxe5 19. dxe5 Bxc5 20. Qf3+ Ke8
21. Qxd5 Ne7 22. Qf7+ Kd8 23. Rd1+ Kc8 24. Qe8+ Qd8 25. Qxd8# 1-0

[Event "Challenge"]
[Site "http://www.queenalice.com/game.php?id=768400"]
[Date "2010.4.30"]
[Round "-"]
[White "rubensar"]
[Black "Famelo"]
[Result "1-0"]
[WhiteElo "2065"]
[BlackElo "1887"]

1. e4 d6 2. Nc3 Nf6 3. Nf3 g6 4. d4 Bg7 5. Bd3 O-O 6. O-O c6 7. Re1 Nbd7 8. Be3
Ng4 9. Bg5 h6 10. Bh4 g5 11. Bg3 e5 12. Bf1 exd4 13. Nxd4 Nge5 14. Nf5 d5 15.
exd5 Qf6 16. Nxg7 Kxg7 17. Ne4 Qg6 18. Qd4 f6 19. d6 b6 20. Qc3 Re8 21. f4 gxf4
22. Bxf4 Bb7 23. Qh3 f5 24. Ng3 Ng4 25. Bd3 Rxe1+ 26. Rxe1 1-0

[Event "Challenge"]
[Site "http://www.queenalice.com/game.php?id=768515"]
[Date "2010.4.30"]
[Round "-"]
[White "Samelo"]
[Black "rubensar"]
[Result "0-1"]
[WhiteElo "1554"]
[BlackElo "2148"]

1. d4 Nf6 2. c4 c5 3. d5 d6 4. Nc3 g6 5. e4 Bg7 6. Nf3 Bg4 7. Be2 Nbd7 8. O-O
Nb6 9. Bg5 Bxf3 10. Bxf3 O-O 11. Qe2 Nfd7 12. Rac1 Ne5 13. b3 Nbd7 14. Bd2 a6
15. Bf4 b5 16. cxb5 Nxf3+ 17. Qxf3 axb5 18. Nxb5 Rxa2 19. Nc3 Ra7 20. Be3 Qb6
21. Qd1 Rb8 22. f4 Qxb3 23. Qc2 Bxc3 0-1

[Event "Challenge"]
[Site "http://www.queenalice.com/game.php?id=775680"]
[Date "2010.5.14"]
[Round "-"]
[White "Sonia"]
[Black "rubensar"]
[Result "0-1"]
[WhiteElo "1619"]
[BlackElo "2089"]

1. e4 e5 2. Nf3 Nc6 3. Bc4 Nf6 4. Ng5 d5 5. exd5 Nxd5 6. d3 Bb4+ 7. c3 Be7 8.
O-O O-O 9. Ne4 Nb6 10. Bb3 Na5 11. Bc2 f5 12. Ng3 f4 13. Bb3+ Nxb3 14. Qxb3+ Kh8
15. Nh5 Bg4 16. Nxg7 Kxg7 17. c4 Be2 18. Re1 Bxd3 19. Qd1 Bxb1 20. Rxb1 Qxd1 21.
Rxd1 Rad8 22. Bd2 Nxc4 23. Bc3 Kf6 24. Re1 Rd5 25. h3 Ke6 26. a3 Rfd8 27. Re4
Rd1+ 28. Rxd1 Rxd1+ 29. Kh2 Kd5 30. f3 Bh4 31. g3 Bxg3+ 32. Kg2 Rc1 33. Re2 Ne3+
34. Rxe3 Rc2+ 35. Kf1 fxe3 36. h4 e2+ 37. Kg1 Rxc3 38. bxc3 e1=Q+ 39. Kg2 Bxh4
40. f4 Qg3+ 0-1

[Event "Challenge"]
[Site "http://www.queenalice.com/game.php?id=780547"]
[Date "2010.5.25"]
[Round "-"]
[White "skimonline"]
[Black "rubensar"]
[Result "0-1"]
[WhiteElo "1235"]
[BlackElo "2087"]

1. d4 Nf6 2. Bf4 c5 3. c3 Qb6 4. b3 cxd4 5. cxd4 Qb4+ 6. Qd2 Nc6 7. Nc3 Ne4 8.
Qd3 Qxc3+ 9. Qxc3 Nxc3 10. Nf3 Nd5 11. g3 Nxf4 12. gxf4 d6 13. a4 Bg4 14. d5 Nb4
15. Rd1 Bxf3 16. exf3 a6 17. Rd4 Nc2+ 18. Kd2 Nxd4 19. b4 g6 20. b5 axb5 21.
axb5 Bg7 22. b6 O-O 23. Kd3 Ra3+ 24. Kc4 Rc8+ 25. Kb4 Rb3+ 26. Ka4 Ra8+ 27. Ba6
Rxa6# 0-1

[Event "Let's Play Chess!"]
[Site "http://www.queenalice.com/game.php?id=791303"]
[Date "2010.6.17"]
[Round "-"]
[White "rubensar"]
[Black "plonius"]
[Result "0-1"]
[WhiteElo "2113"]
[BlackElo "2337"]

1. e4 c5 2. Nf3 Nc6 3. Nc3 Nf6 4. Bb5 Qc7 5. O-O e6 6. Re1 Ng4 7. h3 Nge5 8.
Bxc6 bxc6 9. Nxe5 Qxe5 10. d3 Be7 11. Qf3 Qf6 12. Qxf6 gxf6 13. b3 Rg8 14. g3 h5
15. Kg2 d6 16. Be3 h4 17. Bd2 d5 18. Kf3 Bb7 19. Rg1 hxg3 20. Rxg3 Rh8 21. Rh1
c4 22. bxc4 dxe4+ 23. Ke2 f5 24. dxe4 Ba6 25. exf5 exf5 26. Bf4 Bxc4+ 27. Kf3
O-O-O 28. Rb1 Bd6 29. Bxd6 Rxd6 30. Ke3 Re8+ 31. Kf3 Rd2 32. Rc1 Rd4 33. Kg2 Rh4
34. Rg5 Kc7 35. Rxf5 Rg8+ 36. Kh2 Be6 37. Rf3 Rgh8 38. Rg3 Bxh3 39. Rg7 Bf5+ 40.
Kg3 Rh3+ 41. Kf4 Bg6 42. f3 R8h4+ 0-1

[Event "Let's Play Chess!"]
[Site "http://www.queenalice.com/game.php?id=791305"]
[Date "2010.6.17"]
[Round "-"]
[White "GridKnit"]
[Black "rubensar"]
[Result "1-0"]
[WhiteElo "2103"]
[BlackElo "2158"]

1. e4 e5 2. Nf3 Nc6 3. Bb5 a6 4. Ba4 Nf6 5. O-O Bd6 6. Bxc6 dxc6 7. d3 O-O 8.
Nbd2 Bg4 9. h3 Be6 10. b3 b5 11. Bb2 Nd7 12. a4 Qf6 13. Re1 Bc5 14. Qe2 Rfe8 15.
c3 Qg6 16. Kh1 Bd6 17. d4 exd4 18. cxd4 Bf4 19. d5 Bxd5 20. Qd3 Nc5 21. Qd4 Nxb3
22. Nxb3 Bxb3 23. Nh4 Qg5 24. Nf3 Qh6 25. g3 Qxh3+ 26. Kg1 1-0

[Event "Let's Play Chess!"]
[Site "http://www.queenalice.com/game.php?id=794455"]
[Date "2010.6.25"]
[Round "-"]
[White "dnptrs"]
[Black "rubensar"]
[Result "0-1"]
[WhiteElo "2175"]
[BlackElo "2156"]

1. d4 Nf6 2. Nf3 d5 3. c4 e6 4. e3 c5 5. Nc3 Nc6 6. cxd5 exd5 7. Be2 cxd4 8.
exd4 h6 9. O-O Bd6 10. Kh1 O-O 11. a3 Bf5 12. Nb5 Re8 13. Nxd6 Qxd6 14. Bd2 Be4
15. b4 Bxf3 16. Bxf3 Nxd4 17. Bc3 Nxf3 18. Bxf6 Qxh2# 0-1

[Event "Challenge"]
[Site "http://www.queenalice.com/game.php?id=802768"]
[Date "2010.7.13"]
[Round "-"]
[White "Jcsantos"]
[Black "rubensar"]
[Result "1-0"]
[WhiteElo "1100"]
[BlackElo "2144"]

1. e4 e5 2. Nf3 Nc6 3. Nc3 Nf6 4. d3 d5 5. Nxd5 Nxd5 6. exd5 Qxd5 7. c4 Bb4+ 8.
Bd2 Qd6 9. a3 Bxd2+ 10. Qxd2 O-O 11. b4 Nd4 12. c5 Nxf3+ 13. gxf3 1-0

[Event "open catalunia 2300"]
[Site "http://www.queenalice.com/game.php?id=803161"]
[Date "2010.7.14"]
[Round "-"]
[White "rubensar"]
[Black "GM_Maicon_2851"]
[Result "0-1"]
[WhiteElo "2121"]
[BlackElo "2246"]

1. e4 c5 2. Nf3 e6 3. Nc3 Nc6 4. Bb5 Nge7 5. d3 Nd4 6. O-O Nec6 7. Bxc6 dxc6 8.
e5 Be7 9. Nxd4 cxd4 10. Ne4 O-O 11. Qg4 Kh8 0-1

[Event "Challenge"]
[Site "http://www.queenalice.com/game.php?id=803348"]
[Date "2010.7.14"]
[Round "-"]
[White "Camy"]
[Black "rubensar"]
[Result "1/2-1/2"]
[WhiteElo "1452"]
[BlackElo "2169"]

1. d4 Nf6 2. e3 e6 3. Bd2 d5 4. Nf3 c5 5. dxc5 Bxc5 6. Bc3 O-O 7. Bd3 h6 8. O-O
Nc6 9. Bd4 b6 10. Nc3 Nb4 11. Ne5 Nxd3 12. cxd3 Bxd4 13. exd4 Ba6 14. Re1 Rc8
15. Qf3 Nh7 16. a3 Ng5 17. Qg3 Qe7 18. h3 Nh7 19. a4 Nf6 20. Rab1 Qb4 21. Qe3 b5
22. axb5 Bxb5 23. g4 Nh7 24. h4 a6 25. g5 g6 26. gxh6 Qe7 27. Qg3 Qf6 28. Re3
Qf5 29. Rf3 Qh5 30. Rd1 Qxh6 31. Rf4 Rc7 32. Ng4 Qg7 33. Qf3 Be8 34. Ne2 Rc2 35.
Re1 Rxb2 36. Ng3 Rb4 37. h5 Rxd4 38. h6 Qh8 39. Rb1 Rxf4 40. Qxf4 f5 41. Ne5 g5
42. Qe3 f4 43. Qd4 fxg3 44. fxg3 Rf5 45. g4 Qxe5 46. Qxe5 Rxe5 47. Kg2 Nf6 48.
Rd1 Nxg4 49. Kg3 Nxh6 50. d4 Re4 51. Rc1 Nf5+ 52. Kf3 Kg7 1/2-1/2

[Event "Challenge"]
[Site "http://www.queenalice.com/game.php?id=805524"]
[Date "2010.7.19"]
[Round "-"]
[White "Camy"]
[Black "rubensar"]
[Result "1-0"]
[WhiteElo "1468"]
[BlackElo "2144"]

1. d4 Nf6 2. Nf3 d5 3. Nc3 e6 4. Ne5 c5 5. e3 c4 6. Be2 Bb4 7. O-O O-O 8. a3 Ba5
9. b4 Bc7 10. Bf3 Bxe5 11. dxe5 Nfd7 12. e4 Nxe5 13. exd5 Nxf3+ 14. Qxf3 exd5
15. Nxd5 Be6 16. Rd1 Bxd5 17. Rxd5 Qe7 18. Be3 Nc6 19. Qf4 Rad8 20. Rad1 b5 21.
g3 Rfe8 22. Bc5 Rxd5 23. Bxe7 Rxd1+ 24. Kg2 Nxe7 25. g4 Nd5 26. Qd6 Ne3+ 27. Kg3
Rxd6 28. h4 1-0